<?xml version="1.0" encoding="UTF-8"?>
<collection xmlns="http://www.loc.gov/MARC21/slim">
 <record>
  <leader>01892nam a2200217 a 4500</leader>
  <controlfield tag="001">1/42999</controlfield>
  <controlfield tag="008">121002s2009    gr       b    000 0 gre  </controlfield>
  <datafield tag="020" ind1=" " ind2=" ">
   <subfield code="a">9789600223798</subfield>
  </datafield>
  <datafield tag="035" ind1=" " ind2=" ">
   <subfield code="l">45877</subfield>
  </datafield>
  <datafield tag="040" ind1=" " ind2=" ">
   <subfield code="a">GR-PeUP</subfield>
  </datafield>
  <datafield tag="082" ind1="0" ind2="0">
   <subfield code="a">658.3 ΠΑΤ</subfield>
  </datafield>
  <datafield tag="100" ind1="1" ind2=" ">
   <subfield code="a">Πατρινός, Δημήτριος Θ.</subfield>
  </datafield>
  <datafield tag="245" ind1="1" ind2="0">
   <subfield code="a">Διοίκηση και ανάπτυξη ανθρωπίνων πόρων /</subfield>
   <subfield code="c">Δημήτριος Θ. Πατρινός, Αναστάσιος Αναστασίου.</subfield>
  </datafield>
  <datafield tag="260" ind1=" " ind2=" ">
   <subfield code="a">Αθήνα :</subfield>
   <subfield code="b">Παπαζήσης,</subfield>
   <subfield code="c">2009.</subfield>
  </datafield>
  <datafield tag="300" ind1=" " ind2=" ">
   <subfield code="a">726 σ. ;</subfield>
   <subfield code="c">23 εκ.</subfield>
  </datafield>
  <datafield tag="500" ind1=" " ind2=" ">
   <subfield code="a">Περιεχόμενα: Βασικές έννοιες μάνατζμεντ, θεωρίες προσωπικότητας, θεωρίες διοίκησης προσωπικού, οργάνωση εργασίας και κίνητρα, εργασίες ομάδων και επιτροπών, ηθικό. Κίνητρα και παραγωγικότητα, επάνδρωση, αξιολόγηση προσωπικού, εκπαίδευση - μετεκπαίδευση, ηθική δεοντολογία και υποχρεώσεις managers και επιχειρήσεων / οργανισμών, case studies - πρακτικές περιπτώσεις, παραρτήματα αφορώντα επίκαιρα θέματα και γενική θεωρία του management, της ηθικής των επιχειρήσεων και του οργανωτικού πνευματικού πολιτισμού.</subfield>
  </datafield>
  <datafield tag="650" ind1=" " ind2="4">
   <subfield code="a">Διοίκηση και οργάνωση.</subfield>
  </datafield>
  <datafield tag="650" ind1=" " ind2="4">
   <subfield code="a">Ανθρώπινοι πόροι.</subfield>
  </datafield>
  <datafield tag="650" ind1=" " ind2="4">
   <subfield code="a">Εργασιακές σχέσεις.</subfield>
  </datafield>
  <datafield tag="700" ind1="1" ind2=" ">
   <subfield code="a">Αναστασίου, Αναστάσιος.</subfield>
  </datafield>
  <datafield tag="852" ind1=" " ind2=" ">
   <subfield code="a">INST</subfield>
   <subfield code="b">UNIPILB</subfield>
   <subfield code="c">MAIN</subfield>
   <subfield code="e">20121002</subfield>
   <subfield code="h">658.3 ΠΑΤ</subfield>
   <subfield code="p">00165747</subfield>
   <subfield code="q">00165747</subfield>
   <subfield code="t">LOAN</subfield>
   <subfield code="y">0</subfield>
   <subfield code="4">1</subfield>
  </datafield>
 </record>
</collection>
